000 00654nam a22002055i 4500
005 20180806111102.0
010 _aB-701197
020 _a9789357940702
_c195.00
035 _aB-701197
037 _bDBAD
_adpl
082 _a480
100 1 _aGupta ,Sahil
245 1 0 _aInternational English Olympiad - 2 /
_cby Sahil Gupta
260 _bV & S Publishers
_c2016
270 _aF-2/16, Ansari Road, Darya Ganj
_bNew Delhi
_e110002
300 _a148 p ;
_b24cm (pbk)
_cIllus.
_eC.D.Rome
490 _aThe Gen X series
_v2
942 _2ddc
_cCH
_h480
_mGUP
999 _c155504
_d155504